Guess Countries By Cryptic Clues - Statistics

General Stats
  • This quiz has been taken 33 times
  • The average score is 6 of 12
Answer Stats
Clue Answer % Correct
Sheep noise/precipitation Bahrain
89%
Untruth/Lager/Hearing organ Liberia
78%
Fruit Preserve creator Jamaica
70%
Lair/Smudge Denmark
67%
Adele/Skint Singapore
56%
Bacteria random Germany
52%
Skint/Masticate/Female Portugal
52%
Joint/Friend Nepal
48%
Tall hot beverage Haiti
30%
Line/tonne Kuwait
30%
Mr Button at home Benin
19%
Cast not under Moldova
19%
No matching quizzes found
Score Distribution
Percent of People with Each Score
Percentile by Number Answered
Your Score History
You have not taken this quiz